Heaviest Smoking Countries - Statistics

General Stats
  • This quiz has been taken 2,760 times
  • The average score is 33 of 50
Answer Stats
Number of cigarettes per adult per year Country % Correct
1,196 United States
95%
2,319 Russia
92%
1,648 China
91%
2,225 Spain
86%
1,125 Germany
85%
1,596 Italy
85%
2,028 Japan
85%
3,017 Greece
83%
1,499 Turkey
82%
2,526 Ukraine
80%
1,810 Poland
79%
1,318 Portugal
79%
1,480 Romania
76%
1,130 Australia
75%
1,890 Latvia
75%
1,430 Slovakia
74%
1,846 Belarus
73%
2,437 Bulgaria
73%
1,849 Croatia
73%
1,082 Egypt
73%
1,718 Estonia
73%
2,537 Slovenia
73%
1,684 Austria
72%
1,623 Hungary
72%
1,733 South Korea
72%
1,391 Ireland
70%
1,201 Albania
67%
2,368 Czech Republic
67%
1,763 Belgium
66%
2,145 Bosnia and Herzegovina
66%
1,698 Switzerland
65%
2,239 Moldova
64%
1,014 Argentina
63%
1,495 Denmark
62%
1,173 Israel
62%
2,336 Macedonia
62%
1,830 Cyprus
57%
1,040 Georgia
56%
2,083 Armenia
54%
1,287 Malta
54%
1,067 Syria
54%
1,089 Azerbaijan
51%
1,837 Lebanon
51%
1,805 Kazakhstan
48%
1,092 United Arab Emirates
48%
1,596 Tunisia
42%
1,073 Philippines
38%
1,509 Kuwait
37%
1,017 Kyrgyzstan
30%
1,337 Trinidad and Tobago
10%
No matching quizzes found
Score Distribution
Percent of People with Each Score
Percentile by Number Answered
Your Score History
You have not taken this quiz